|
|
|
|
| LEADER |
00000cam a2200000 a 4500 |
| 001 |
vtls008366074 |
| 003 |
SK-MaSNL |
| 005 |
20260301051659.0 |
| 008 |
180812s1935 xo 000 0 slo |
| 015 |
|
|
|a SNBA19191938-001160
|
| 035 |
|
|
|a SK01SNKBSKHR20020058291
|
| 035 |
|
|
|a SKM000060754
|
| 040 |
|
|
|a SNK
|b slo
|c SNK
|e AACR2
|
| 041 |
0 |
|
|a slo
|
| 044 |
|
|
|a xo
|c SK
|
| 080 |
|
|
|a 634
|2 1981
|
| 080 |
|
|
|a 632.9
|2 1981
|
| 100 |
1 |
|
|a Buchta, Viktor,
|d 1892-1965
|4 aut
|9 38375
|
| 245 |
1 |
0 |
|a O správnom striekaní ovocných stromov proti škodcom a chorobám
|b s 21 vyobrazeniami
|c Viktor Buchta
|
| 260 |
|
|
|a Bratislava
|b Slovenská ovocinárska spoločnosť
|c 1935
|e Bratislava
|f Novina
|
| 300 |
|
|
|a 42, [2] s.
|c 8°
|
| 490 |
1 |
|
|a Knižnica ovocinárskej spoločnosti
|v zv. 17
|
| 650 |
0 |
7 |
|a ovocinárstvo
|2 SNKPH
|9 16370
|
| 650 |
0 |
7 |
|a ovocné stromy
|2 SNKPH
|9 70848
|
| 650 |
0 |
7 |
|a ochrana proti škodcom
|2 SNKPH
|9 359317
|
| 655 |
|
7 |
|a príručky
|2 SNKPH
|9 74364
|
| 830 |
|
0 |
|a Knižnica ovocinárskej spoločnosti
|9 359318
|
| 958 |
|
|
|a OND
|
| 958 |
|
|
|a RK
|
| 958 |
|
|
|a TL
|
| 999 |
|
|
|c 604008
|d 605938
|
| 952 |
|
|
|a SNK
|b SNK
|y VYP
|7 0
|p 17A0469096
|o snkSD 1688/17 D1
|i snkVIII. 1384/54
|3 Rekatalogizácia
|0 0
|1 0
|4 0
|d 2005-05-05
|l 0
|r 2026-02-23 16:03:56
|w 2026-02-23
|